书目信息 |
| 题名: |
大学数学简明教程
|
|
| 作者: | 盛祥耀 , 陈魁 , 王飞燕 编著 | |
| 分册: | ||
| 出版信息: | 北京 清华大学出版社 2005.2 |
|
| 页数: | 533页 | |
| 开本: | 23cm | |
| 丛书名: | ||
| 单 册: | ||
| 中图分类: | O13-43 | |
| 科图分类: | ||
| 主题词: | 高等数学--gao deng shu xue--高等学校--教材 , 高等数学--gao deng shu xue | |
| 电子资源: | ||
| ISBN: | 7-302-09565-5 | |
| 000 | 01066cam0 2200265 450 | |
| 001 | 012005030404 | |
| 005 | 20051124153847.19 | |
| 010 | @a7-302-09565-5@dCNY39.80 | |
| 100 | @a20050716d2005 em y0chiy0121 ea | |
| 101 | 0 | @achi |
| 102 | @aCN@b110000 | |
| 105 | @ay zq 000yy | |
| 200 | 1 | @a大学数学简明教程@Ada xue shu xue jian ming jiao cheng@f盛祥耀,陈魁,王飞燕编著 |
| 210 | @a北京@c清华大学出版社@d2005.2 | |
| 215 | @a533页@d23cm | |
| 330 | @a本书按微积分、线性代数、概率论与数理统计三篇简要地介绍了大学数学中的基本内容,其中微积分部分包括空间解析几何、向量代数、函数、极限等内容;线性代数部分包括行列式、矩阵、n维向量和线性方程组、特征值和特征向量四章内容;概率论与数理统计部分包括随机事件及其概率、随机变量等。 | |
| 606 | 0 | @a高等数学@Agao deng shu xue@x高等学校@j教材 |
| 606 | 0 | @a高等数学@Agao deng shu xue |
| 690 | @aO13-43@v4 | |
| 701 | 0 | @a盛祥耀@Asheng xiang yao@4编著 |
| 701 | 0 | @a陈魁@Achen kui@4编著 |
| 701 | 0 | @a王飞燕@Awang fei yan@4编著 |
| 801 | 0 | @aCN@bSRXX@c20051124 |
| 801 | 2 | @aCN@bSRXX@c20051110 |
| 905 | @a10447@dO13-43@eS475 | |
| 大学数学简明教程/盛祥耀,陈魁,王飞燕编著.-北京:清华大学出版社,2005.2 |
| 533页;23cm |
| ISBN 7-302-09565-5:CNY39.80 |
| 本书按微积分、线性代数、概率论与数理统计三篇简要地介绍了大学数学中的基本内容,其中微积分部分包括空间解析几何、向量代数、函数、极限等内容;线性代数部分包括行列式、矩阵、n维向量和线性方程组、特征值和特征向量四章内容;概率论与数理统计部分包括随机事件及其概率、随机变量等。 |
| ● |
| 相关链接 |
|
|
|
正题名:大学数学简明教程
索取号:O13-43/S475
 
预约/预借
| 序号 | 登录号 | 条形码 | 馆藏地/架位号 | 状态 | 备注 |
| 1 | 544114 | 205441146 | 自科库401/401自科库 108排6列1层/ [索取号:O13-43/S475] | 在馆 | |
| 2 | 544115 | 205441155 | 自科库401/401自科库 108排6列1层/ [索取号:O13-43/S475] | 在馆 | |
| 3 | 544116 | 205441164 | 自科库401/401自科库 108排6列1层/ [索取号:O13-43/S475] | 在馆 |